[Event "ROM-chT (Women)"]
[Site "Mamaia"]
[Date "2021.10.10"]
[Round "10.3"]
[White "Nistor, Valentina"]
[Black "Lehaci, Miruna Daria"]
[Result "0-1"]
[WhiteElo "1902"]
[BlackElo "2265"]
[PlyCount "90"]
[EventDate "2021.10.02"]
[EventType "team-tourn"]
[EventRounds "10"]
[EventCountry "ROU"]
[SourceTitle "CBM 204 Extra"]
[Source "ChessBase"]
[SourceDate "2021.11.30"]
[SourceVersion "1"]
[SourceVersionDate "2021.11.30"]
[SourceQuality "1"]
[WhiteTeam "Arnia ChessIT (W)"]
[BlackTeam "Bucharest ASE (W)"]
[WhiteTeamCountry "ROU"]
[BlackTeamCountry "ROU"]

1. e4 c5 2. Nc3 Nc6 3. g3 g6 4. Bg2 Bg7 5. Nge2 e6 6. 0-0 Nge7 7. d3 0-0 8. Be3 Nd4 9. f4 d6 10. Bf2 Nec6 11. Nxd4 Nxd4 12. e5 dxe5 13. fxe5 Bxe5 14. Ne4 f5 15. Nxc5 Qc7 16. Nb3 Nxb3 17. axb3 Bxb2 18. Ra4 Bg7 19. Rc4 Qf7 20. Bc5 Rd8 21. d4 Kh8 22. Qa1 Re8 23. Bd6 Rd8 24. Bf4 Kg8 25. c3 h6 26. h4 Qe7 27. Qc1 Kh7 28. Re1 Qf7 29. Qe3 Bf8 30. Rd1 Bg7 31. Rc5 Rd7 32. d5 exd5 33. Rcxd5 Re7 34. Qd2 Be6 35. Rd6 Bxb3 36. Rb1 Rae8 37. Bf3 b6 38. Bc6 Rc8 39. Re1 Bf8 40. Bd7 Rxe1+ 41. Qxe1 Rd8 42. Be6 Re8 43. Bxf7 Rxe1+ 44. Kf2 Bxd6 45. Kxe1 Bxf4 0-1

[Event "ROM-chT (Women)"]
[Site "Mamaia"]
[Date "2019.09.29"]
[Round "7.8"]
[White "Nistor, Valentina"]
[Black "Coman, Ana Cristina"]
[Result "1-0"]
[WhiteElo "1881"]
[BlackElo "1551"]
[PlyCount "67"]
[EventDate "2019.09.21"]
[EventType "team-tourn"]
[EventRounds "7"]
[EventCountry "ROU"]
[SourceTitle "EXT 2020"]
[Source "ChessBase"]
[SourceDate "2019.10.17"]
[SourceVersion "1"]
[SourceVersionDate "2019.10.17"]
[SourceQuality "1"]

1. e4 e5 2. Nf3 Nc6 3. Bc4 Bc5 4. c3 Nf6 5. d3 0-0 6. 0-0 d6 7. Bb3 h6 8. h3 Bb6 9. Nbd2 Ne7 10. Re1 Ng6 11. Nf1 Be6 12. Bc2 Qd7 13. d4 exd4 14. cxd4 c6 15. Qd3 Rfe8 16. N1h2 d5 17. exd5 Bxd5 18. Ne5 Qd6 19. Bd2 Bc7 20. f4 Nf8 21. Nhg4 Nxg4 22. hxg4 Re7 23. a3 b6 24. Rad1 Rae8 25. Bb4 c5 26. dxc5 bxc5 27. Bc3 Rd8 28. Qg3 Qb6 29. Kh2 Nd7 30. Rxd5 Bxe5 31. fxe5 Rde8 32. Qd3 g6 33. Rxd7 Rxd7 34. Qxd7 1-0

[Event "Braila Albulet Memorial (Women) 11th"]
[Site "Braila"]
[Date "2018.11.07"]
[Round "6"]
[White "Cosma, Elena Luminita"]
[Black "Nistor, Valentina"]
[Result "1-0"]
[WhiteElo "2338"]
[BlackElo "1881"]
[PlyCount "89"]
[EventDate "2018.11.03"]
[EventType "swiss"]
[EventRounds "9"]
[EventCountry "ROU"]
[SourceTitle "CBM 187 Extra"]
[Source "ChessBase"]
[SourceDate "2018.11.04"]
[SourceVersion "1"]
[SourceVersionDate "2018.11.04"]
[SourceQuality "1"]

1. d4 d5 2. c4 e6 3. Nf3 Nf6 4. g3 Be7 5. Bg2 0-0 6. 0-0 c5 7. cxd5 exd5 8. dxc5 Bxc5 9. a3 a6 10. b4 Bb6 11. Bb2 Nc6 12. Nc3 Be6 13. Na4 Ba7 14. Rc1 Ne4 15. Ne1 Qg5 16. Nc5 Nxc5 17. bxc5 Rac8 18. Nd3 Rfd8 19. h4 Qe7 20. Qd2 Nb8 21. Bd4 Nd7 22. Qe3 Re8 23. Rfd1 Qd8 24. Qg5 f6 25. Qd2 Bb8 26. Qb2 Re7 27. h5 h6 28. e3 Bf7 29. Nb4 Ne5 30. Bxe5 Rxe5 31. c6 b6 32. Nxa6 Bc7 33. Nb4 Rxh5 34. Nxd5 Bxd5 35. Bxd5+ Kh8 36. Bf3 Qe8 37. Bxh5 Qxh5 38. Rd7 Qf3 39. Kh2 Be5 40. Qd2 Kh7 41. Rc2 Ra8 42. Qe2 Qxe2 43. Rxe2 Rxa3 44. f4 Ba1 45. Rc2 1-0

[Event "Braila Albulet Memorial (Women) 11th"]
[Site "Braila"]
[Date "2018.11.03"]
[Round "1"]
[White "Babiy, Olga"]
[Black "Nistor, Valentina"]
[Result "1-0"]
[WhiteElo "2314"]
[BlackElo "1881"]
[PlyCount "96"]
[EventDate "2018.11.03"]
[EventType "swiss"]
[EventRounds "9"]
[EventCountry "ROU"]
[SourceTitle "CBM 187 Extra"]
[Source "ChessBase"]
[SourceDate "2018.11.04"]
[SourceVersion "1"]
[SourceVersionDate "2018.11.04"]
[SourceQuality "1"]

1. e4 e5 2. Nf3 Nc6 3. Bb5 a6 4. Ba4 Nf6 5. 0-0 Be7 6. Re1 b5 7. Bb3 d6 8. c3 Bg4 9. d3 0-0 10. Nbd2 Qd7 11. Nf1 Rfe8 12. h3 Bh5 13. Ng3 Bg6 14. Nh4 d5 15. Qf3 Rad8 16. Nhf5 d4 17. Rd1 a5 18. a3 Ra8 19. Bg5 Bd8 20. h4 h5 21. Bxf6 Bxf6 22. Nxh5 Bxf5 23. exf5 Qd6 24. Qg4 Kf8 25. Ng3 Qe7 26. h5 b4 27. Bd5 Qd7 28. Qf3 Ra6 29. axb4 Rb8 30. b5 Rxb5 31. Bc4 e4 32. dxe4 Ne5 33. Qe2 Nxc4 34. Qxc4 Rab6 35. cxd4 Rb4 36. Qc5+ Be7 37. Qc3 Rxb2 38. Rxa5 Kg8 39. h6 gxh6 40. Ra8+ Bd8 41. Nh5 Kh7 42. d5 f6 43. Qg3 Rb8 44. Qg6+ Kh8 45. Nxf6 Bxf6 46. Qxf6+ Kg8 47. Rxb8+ Rxb8 48. Rd3 Ra8 1-0

[Event "Wch U18 Girls"]
[Site "Porto Carras"]
[Date "2018.10.23"]
[Round "5"]
[White "Nistor, Valentina"]
[Black "Arpita, Mukherjee"]
[Result "0-1"]
[WhiteElo "1881"]
[BlackElo "2147"]
[PlyCount "108"]
[EventDate "2018.10.20"]
[EventType "swiss"]
[EventRounds "11"]
[EventCountry "GRE"]
[SourceTitle "CBM 187 Extra"]
[Source "ChessBase"]
[SourceDate "2018.11.04"]
[SourceVersion "1"]
[SourceVersionDate "2018.11.04"]
[SourceQuality "1"]

1. e4 c5 2. Nf3 d6 3. d4 cxd4 4. Nxd4 Nf6 5. Nc3 a6 6. a4 e6 7. Bc4 Be7 8. 0-0 0-0 9. Be3 Qc7 10. Qe2 Nc6 11. Rfd1 Ne5 12. Bb3 Neg4 13. h3 Nxe3 14. Qxe3 b6 15. Rd3 Re8 16. Qg3 Bd7 17. Rad1 Rab8 18. f4 e5 19. Nde2 Bc6 20. Qf3 b5 21. axb5 axb5 22. Ng3 b4 23. Nd5 Nxd5 24. Bxd5 Bxd5 25. Rxd5 Qxc2 26. Nf5 exf4 27. Qxf4 Bf8 28. Nxd6 Bxd6 29. Rxd6 Qxb2 30. Rd7 Qf6 31. Qxf6 gxf6 32. R7d4 Rec8 33. Rb1 b3 34. Rd2 Rb4 35. Rdb2 Rc3 36. Kf2 Kg7 37. Kg1 Kg6 38. Kh2 Kg5 39. Kg1 Kf4 40. Rf2+ Kxe4 41. Re1+ Re3 42. Rb1 f5 43. Rbf1 Rb5 44. Rb1 f4 45. Kh2 f3 46. gxf3+ Rxf3 47. Rg2 f5 48. Rd2 f4 49. Rbb2 Rd3 50. Re2+ Re3 51. Red2 f3 52. Kg3 Re2 53. Rxe2+ fxe2 54. Rxe2+ Kd3 0-1

[Event "ROM-ch U18 Girls"]
[Site "Calimanesti"]
[Date "2018.03.27"]
[Round "1"]
[White "Nistor, Valentina"]
[Black "Jumbei, Victoria1111"]
[Result "1-0"]
[WhiteElo "1794"]
[BlackElo "1001"]
[PlyCount "115"]
[EventDate "2018.03.27"]
[EventType "swiss"]
[EventRounds "9"]
[EventCountry "ROU"]
[SourceTitle "CBM 183 Extra"]
[Source "ChessBase"]
[SourceDate "2018.04.19"]
[SourceVersion "1"]
[SourceVersionDate "2018.04.19"]
[SourceQuality "1"]

1. e4 e5 2. Nf3 Nc6 3. Bc4 Nf6 4. Ng5 d5 5. exd5 Nxd5 6. Nxf7 Kxf7 7. Qf3+ Qf6 8. Bxd5+ Be6 9. Bxe6+ Kxe6 10. Qb3+ Kd7 11. 0-0 b6 12. Nc3 Bd6 13. Ne4 Qg6 14. Nxd6 Qxd6 15. d3 Qb4 16. Qf7+ Qe7 17. Qf5+ Qe6 18. Qe4 g6 19. Re1 Rhf8 20. Be3 Qf6 21. Rad1 Nd4 22. Bxd4 exd4 23. Qg4+ Kd8 24. f3 c5 25. Re6 Qf5 26. Qxf5 gxf5 27. Rde1 Kc7 28. Re7+ Kc6 29. Rxh7 Rfe8 30. Ree7 Rxe7 31. Rxe7 a5 32. Rf7 Re8 33. Kf2 Re5 34. h4 Kb5 35. f4 Re6 36. Rxf5 Kc6 37. h5 Kd7 38. g4 Rh6 39. Rg5 Ke7 40. Rg6 Rh7 41. Rxb6 Rf7 42. Rb7+ Ke6 43. Rxf7 Kxf7 44. g5 Kg7 45. f5 c4 46. dxc4 d3 47. cxd3 a4 48. c5 a3 49. bxa3 Kh7 50. c6 Kg7 51. c7 Kf7 52. c8Q Ke7 53. Qe6+ Kd8 54. f6 Kc7 55. f7 Kb7 56. f8R Kc7 57. Rf7+ Kd8 58. Qd7# 1-0

[Event "ROM-ch U16 Girls"]
[Site "Baile Felix"]
[Date "2017.02.03"]
[Round "2"]
[White "Nistor, Valentina"]
[Black "Ciocan, Maria Alexandra"]
[Result "1/2-1/2"]
[WhiteElo "1714"]
[BlackElo "1866"]
[PlyCount "158"]
[EventDate "2017.02.02"]
[EventType "swiss"]
[EventRounds "9"]
[EventCountry "ROU"]
[SourceTitle "CBM 176 Extra"]
[Source "ChessBase"]
[SourceDate "2017.03.02"]
[SourceVersion "1"]
[SourceVersionDate "2017.03.02"]
[SourceQuality "1"]

1. e4 e6 2. d4 d5 3. Nd2 h6 4. c3 Nf6 5. e5 Nfd7 6. Bd3 c5 7. Ne2 Nc6 8. 0-0 Qb6 9. Nf3 g5 10. h3 Rg8 11. Bc2 Be7 12. Ng3 Nf8 13. b3 cxd4 14. cxd4 Bd7 15. Bb2 0-0-0 16. Rc1 Kb8 17. Qd2 Ng6 18. Ne2 f5 19. exf6 Bxf6 20. Ba3 Bc8 21. Bc5 Qc7 22. Nc3 Nh4 23. Bd1 Qg7 24. Nb5 a6 25. Bd6+ Rxd6 26. Nxd6 Bd7 27. Ne5 Bxe5 28. dxe5 Qxe5 29. Nf7 Qf6 30. Nd6 Qe7 31. Nxb7 Kxb7 32. Be2 Ng6 33. b4 Na7 34. Rb1 Nf4 35. Bf3 Bb5 36. Rfe1 Nc6 37. a3 Qh7 38. Qe3 Qd3 39. Qxd3 Bxd3 40. Rbd1 Bf5 41. Re3 h5 42. Rd2 Rd8 43. Rb3 g4 44. hxg4 hxg4 45. Bd1 e5 46. b5 Nd4 47. bxa6+ Kxa6 48. Rb4 Nd3 49. Rxd4 exd4 50. Be2 Rc8 51. Bxd3+ Bxd3 52. Rxd3 Rc4 53. Kf1 Kb5 54. Ke2 Kc5 55. Kd2 Ra4 56. Rg3 Kc4 57. Kc2 Ra8 58. Rb3 Rf8 59. f3 gxf3 60. Rxf3 Rg8 61. g3 Rh8 62. Rf2 d3+ 63. Kd2 d4 64. g4 Rb8 65. Rf7 Rb2+ 66. Kc1 Rc2+ 67. Kd1 Rg2 68. Rc7+ Kb3 69. Rb7+ Kxa3 70. Ra7+ Kb4 71. Rb7+ Kc5 72. Rc7+ Kd6 73. Rg7 d2 74. Ra7 Kd5 75. g5 Ke4 76. Ra3 Rxg5 77. Kxd2 Rg2+ 78. Kd1 d3 79. Ra8 Rg4 1/2-1/2

[Event "ROM-ch U16 Girls"]
[Site "Calimanesti Caciulata"]
[Date "2016.04.21"]
[Round "4"]
[White "Ciocan, Maria Alexandra"]
[Black "Nistor, Valentina"]
[Result "1-0"]
[WhiteElo "1734"]
[BlackElo "1676"]
[PlyCount "79"]
[EventDate "2016.04.18"]
[EventType "swiss"]
[EventRounds "9"]
[EventCountry "ROU"]
[SourceTitle "CBM 172 Extra"]
[Source "ChessBase"]
[SourceDate "2016.06.21"]
[SourceVersion "1"]
[SourceVersionDate "2016.06.21"]
[SourceQuality "1"]

1. e4 e5 2. Bc4 Nf6 3. Nc3 Nc6 4. d3 Be7 5. f4 d6 6. Nf3 0-0 7. f5 Na5 8. 0-0 Nxc4 9. dxc4 b6 10. Qe1 Bb7 11. h3 h6 12. Bd2 Qd7 13. Nh2 Rfe8 14. Qe2 Qc6 15. Rae1 Kh7 16. Nd5 Bd8 17. Nxf6+ Bxf6 18. Ng4 Bh4 19. Nf2 a6 20. f6 g6 21. Kh2 Qd7 22. g3 Bxf6 23. Bxh6 Bg7 24. Bxg7 Kxg7 25. g4 Rh8 26. Qf3 Rh7 27. g5 Rah8 28. Re3 Bc8 29. Kg2 Qe7 30. Ng4 Kf8 31. Qf6 Bxg4 32. hxg4 Qd7 33. Rg3 Rh2+ 34. Kf3 R2h4 35. Ke3 Rh3 36. Rxh3 Rxh3+ 37. Kd2 Rh2+ 38. Kc1 Kg8 39. b3 Rg2 40. Rh1 1-0

[Event "ROM-ch U16 Girls"]
[Site "Calimanesti Caciulata"]
[Date "2016.04.18"]
[Round "1"]
[White "Nistor, Valentina"]
[Black "Nastase, Andreea Cristina"]
[Result "0-1"]
[WhiteElo "1676"]
[BlackElo "2009"]
[PlyCount "54"]
[EventDate "2016.04.18"]
[EventType "swiss"]
[EventRounds "9"]
[EventCountry "ROU"]
[SourceTitle "CBM 172 Extra"]
[Source "ChessBase"]
[SourceDate "2016.06.21"]
[SourceVersion "1"]
[SourceVersionDate "2016.06.21"]
[SourceQuality "1"]

1. e4 c5 2. Nc3 Nc6 3. f4 g6 4. g3 Bg7 5. Bg2 d6 6. h3 e6 7. Nf3 Nge7 8. 0-0 0-0 9. d3 b6 10. Be3 Bb7 11. d4 Ba6 12. Re1 cxd4 13. Nxd4 Na5 14. Rb1 Nc4 15. Bf2 e5 16. Nb3 Rc8 17. Ne2 exf4 18. Nxf4 Nxb2 19. Qg4 Nc6 20. Nd5 Ne5 21. Qf4 Rxc2 22. Nb4 Nbd3 23. Qe3 Nxb4 24. Nd4 Rxf2 25. Qxf2 Nbd3 26. Qd2 Nxe1 27. Rxe1 Nd3 0-1

[Event "ROM-ch U14 Girls"]
[Site "Calimanesti"]
[Date "2015.04.04"]
[Round "7"]
[White "Nistor, Valentina"]
[Black "Nastase, Andreea Cristina"]
[Result "0-1"]
[WhiteElo "1582"]
[BlackElo "1852"]
[PlyCount "102"]
[EventDate "2015.03.30"]
[EventType "swiss"]
[EventRounds "9"]
[EventCountry "ROU"]
[SourceTitle "CBM 165 Extra"]
[Source "ChessBase"]
[SourceDate "2015.04.21"]
[SourceVersion "1"]
[SourceVersionDate "2015.04.21"]
[SourceQuality "1"]

1. e4 c5 2. Nc3 d6 3. f4 Nc6 4. Nf3 g6 5. g3 Bg7 6. Bg2 Nd4 7. 0-0 Bg4 8. d3 e6 9. Ne2 Nxf3+ 10. Bxf3 Bxf3 11. Rxf3 Ne7 12. c3 Qc7 13. Be3 e5 14. fxe5 Bxe5 15. d4 cxd4 16. cxd4 Bg7 17. Rc1 Qd7 18. Qd2 0-0 19. Bh6 Bxh6 20. Qxh6 Qe6 21. Nc3 d5 22. e5 Qb6 23. Qd2 Nc6 24. Nxd5 Nxd4 25. Rf6 Nf3+ 26. Kg2 Nxd2 27. Nxb6 axb6 28. Rxb6 Rfe8 29. Rxb7 Rxe5 30. Rcc7 Re2+ 31. Kh3 Nf3 32. a3 Rxh2+ 33. Kg4 Ne5+ 34. Kf4 Re8 35. b4 Rf2+ 36. Ke4 Nc4+ 37. Kd3 Nxa3 38. b5 Rf3+ 39. Kd4 Nxb5+ 40. Rxb5 Rxg3 41. Rbb7 Rg4+ 42. Kd5 Rf4 43. Rc1 Kg7 44. Rh1 Re2 45. Rb3 h5 46. Rg3 Rg4 47. Rf3 Rg5+ 48. Kd4 Ree5 49. Rhh3 Ref5 50. Re3 Rg4+ 51. Kd3 Rf2 0-1

[Event "ROM-ch U14 Girls"]
[Site "Calimanesti"]
[Date "2015.04.03"]
[Round "6"]
[White "Nistor, Valentina"]
[Black "Ciocan, Maria Alexandra"]
[Result "1-0"]
[WhiteElo "1582"]
[BlackElo "1664"]
[PlyCount "48"]
[EventDate "2015.03.30"]
[EventType "swiss"]
[EventRounds "9"]
[EventCountry "ROU"]
[SourceTitle "CBM 165 Extra"]
[Source "ChessBase"]
[SourceDate "2015.04.21"]
[SourceVersion "1"]
[SourceVersionDate "2015.04.21"]
[SourceQuality "1"]

1. e4 c5 2. Nc3 Nc6 3. f4 g6 4. Nf3 Bg7 5. g3 e6 6. Bg2 a6 7. 0-0 Nge7 8. d3 0-0 9. Be3 b6 10. d4 cxd4 11. Nxd4 Nxd4 12. Bxd4 Bxd4+ 13. Qxd4 Nc6 14. Qd6 Bb7 15. Rad1 Nb8 16. f5 exf5 17. exf5 Bxg2 18. Kxg2 Ra7 19. f6 Re8 20. Rde1 Nc6 21. Nd5 Kh8 22. Ne7 b5 23. Qf4 Nxe7 24. fxe7 Qc8 1-0